<?xml version="1.0" encoding="UTF-8"?><?xml-stylesheet type="text/xsl" href="static/style.xsl"?><OAI-PMH xmlns="http://www.openarchives.org/OAI/2.0/" xmlns:xsi="http://www.w3.org/2001/XMLSchema-instance" xsi:schemaLocation="http://www.openarchives.org/OAI/2.0/ http://www.openarchives.org/OAI/2.0/OAI-PMH.xsd"><responseDate>2026-06-02T08:12:15Z</responseDate><request verb="GetRecord" identifier="oai:riuma.uma.es:10630/41269" metadataPrefix="marc">https://riuma.uma.es/rest/oai/request</request><GetRecord><record><header><identifier>oai:riuma.uma.es:10630/41269</identifier><datestamp>2026-02-03T11:14:15Z</datestamp><setSpec>com_10630_2254</setSpec><setSpec>col_10630_37953</setSpec></header><metadata><record xmlns="http://www.loc.gov/MARC21/slim" xmlns:dcterms="http://purl.org/dc/terms/" xmlns:doc="http://www.lyncode.com/xoai" xmlns:xsi="http://www.w3.org/2001/XMLSchema-instance" xsi:schemaLocation="http://www.loc.gov/MARC21/slim http://www.loc.gov/standards/marcxml/schema/MARC21slim.xsd">
   <leader>00925njm 22002777a 4500</leader>
   <datafield ind2=" " ind1=" " tag="042">
      <subfield code="a">dc</subfield>
   </datafield>
   <datafield ind2=" " ind1=" " tag="720">
      <subfield code="a">Cortés-Arrabal, José Antonio</subfield>
      <subfield code="e">author</subfield>
   </datafield>
   <datafield ind2=" " ind1=" " tag="720">
      <subfield code="a">Pittolo, Alberto</subfield>
      <subfield code="e">author</subfield>
   </datafield>
   <datafield ind2=" " ind1=" " tag="720">
      <subfield code="a">Povedano, Irene</subfield>
      <subfield code="e">author</subfield>
   </datafield>
   <datafield ind2=" " ind1=" " tag="720">
      <subfield code="a">Cañete-Corripio, Francisco Javier</subfield>
      <subfield code="e">author</subfield>
   </datafield>
   <datafield ind2=" " ind1=" " tag="720">
      <subfield code="a">Tonello, Andrea M.</subfield>
      <subfield code="e">author</subfield>
   </datafield>
   <datafield ind2=" " ind1=" " tag="260">
      <subfield code="c">2025-06</subfield>
   </datafield>
   <datafield ind2=" " ind1=" " tag="520">
      <subfield code="a">This paper focuses on the parameterization of the multipath propagation model (MPM) for indoor broadband power line communications (PLC), which up to now has been established in an heuristic way. The MPM model was initially&#xd;
proposed in the PLC context for outdoor channels in the band up to 20 MHz, but its number of parameters becomes&#xd;
extremely large when used to model indoor channel frequency responses (CFR), which are much more frequency-selective than outdoor ones, and the band is extended to 80 MHz. This work proposes a fitting procedure that addresses this problem. It allows determining the model parameters that yield the best fit to each channel of a large database of single-input single-output (SISO) experimental measurements acquired in typical home premises of different European countries. Then, the statistics of the MPM parameters are analyzed. The study unveils the relation between the model parameters and the main characteristics of the actual CFR like the frequency selectivity and the average attenuation.&#xd;
It also estimates the probability density function (PDF) of each parameter and proposes a fitting distribution for each of them. Moreover, the relationship among the main parameters of the model, as well as their impact on the performance of PLC communication systems are also explored. Provided results can be helpful for the development of MPM-based models for indoor broadband PLC.</subfield>
   </datafield>
   <datafield ind1="8" ind2=" " tag="024">
      <subfield code="a">J. A. Cortés, A. Pittolo, I. Povedano, F. J. Cañete and A. M. Tonello, "A Close Examination of the Multipath Propagation Stochastic Model for Communications Over Power Lines," in IEEE Transactions on Communications, vol. 73, no. 11, pp. 10391-10404, Nov. 2025, doi: 10.1109/TCOMM.2025.3576942</subfield>
   </datafield>
   <datafield ind1="8" ind2=" " tag="024">
      <subfield code="a">https://hdl.handle.net/10630/41269</subfield>
   </datafield>
   <datafield ind1="8" ind2=" " tag="024">
      <subfield code="a">10.1109/TCOMM.2025.3576942</subfield>
   </datafield>
   <datafield tag="653" ind2=" " ind1=" ">
      <subfield code="a">Líneas eléctricas</subfield>
   </datafield>
   <datafield tag="653" ind2=" " ind1=" ">
      <subfield code="a">Comunicación</subfield>
   </datafield>
   <datafield ind2="0" ind1="0" tag="245">
      <subfield code="a">A Close Examination of the Multipath Propagation Stochastic Model for Communications over Power Lines</subfield>
   </datafield>
</record>
</metadata></record></GetRecord></OAI-PMH>